Statistics for World cup winners

Click here to take the quiz!

General Stats

  • This quiz has been taken 14 times
  • The average score is 21 of 22

Answer Stats

HostYearAnswer% Correct
2Qatar2022Argentina
100%
Mexico1986Argentina
100%
Argentina1978Argentina
100%
South Korea/Japan2002Brazil
100%
Sweden1958Brazil
100%
Chile1962Brazil
100%
Mexico1970Brazil
100%
USA1994Brazil
100%
England1966England
100%
Russia2018France
100%
France1998France
100%
Germany2006Italy
100%
Spain1882Italy
100%
Italy1934Italy
100%
France1938Italy
100%
Brazil1950Uruguay
100%
Uruguay1930Uruguay
100%
Brazil2014Germany
93%
South Africa2010Spain
93%
Italy1990West Germany
71%
Germany1974West Germany
71%
Switzerland1954West Germany
71%

Score Distribution

Percentile by Number Answered

Percent of People with Each Score

Your Score History

You have not taken this quiz